Office stationary (Record no. 69451)

MARC details
000 -LEADER
fixed length control field 01193cam a2200229 4500
001 - CONTROL NUMBER
control field ABS65052
008 - FIXED-LENGTH DATA ELEMENTS--GENERAL INFORMATION
fixed length control field 020206n2002 000 0 eng u
035 ## - SYSTEM CONTROL NUMBER
System control number (Sirsi) u116630
100 ## - MAIN ENTRY--PERSONAL NAME
Personal name Tinworth, A
245 ## - TITLE STATEMENT
Title Office stationary
260 ## - PUBLICATION, DISTRIBUTION, ETC.
Date of publication, distribution, etc. 2002
490 ## - SERIES STATEMENT
Series statement Estates Gazette
Volume/sequential designation (0202) 12 January 2002, 84-85(2)
520 ## - SUMMARY, ETC.
Summary, etc. Examines property firms in the office sector's approach to customer service and the needs of their occupiers; the firms believe they are now more customer-orientated while occupiers' perception of the service they receive is that not much has changed. Reports on the findings of the British Council for Offices' research which found that occupiers see the UK office industry as remote, unresponsive to their needs and underperforms the US industry in service delivery. Explains the reasons why service has become important with reference to the economic slowdown. Lists the key findings from BCO's report. Tables.
590 ## - LOCAL NOTE (RLIN)
Local note ABS
650 ## - SUBJECT ADDED ENTRY--TOPICAL TERM
Topical term or geographic name entry element OFFICE SECTOR
650 ## - SUBJECT ADDED ENTRY--TOPICAL TERM
Topical term or geographic name entry element PROPERTY FIRMS
650 ## - SUBJECT ADDED ENTRY--TOPICAL TERM
Topical term or geographic name entry element CUSTOMER SERVICE
650 ## - SUBJECT ADDED ENTRY--TOPICAL TERM
Topical term or geographic name entry element SERVICED OFFICES
650 ## - SUBJECT ADDED ENTRY--TOPICAL TERM
Topical term or geographic name entry element OFFICE OCCUPIERS
690 ## - LOCAL SUBJECT ADDED ENTRY--TOPICAL TERM (OCLC, RLIN)
Topical term or geographic name as entry element LANDLORD AND TENANT-BUSINESS TENANCIES
942 ## - ADDED ENTRY ELEMENTS (KOHA)
Suppress in OPAC 0
Holdings
Withdrawn status Lost status Source of classification or shelving scheme Damaged status Not for loan Home library Current library Shelving location Date acquired Total Checkouts Full call number Barcode Date last seen Copy number Price effective from Koha item type
    Dewey Decimal Classification     London London Journal article 06/02/2002   ABS65052 116630-1001 06/08/2019 1 06/08/2019 Journal article